| 000 | 00753nam a2200229Ia 4500 | ||
|---|---|---|---|
| 001 | 15762 | ||
| 003 | GE_BSU | ||
| 008 | 181216s||||||||xx |||||||||||||| ||und|| | ||
| 040 | _cGE_BSU | ||
| 080 | _a821.353.1-32 | ||
| 100 | _aხუნდაძე, ნოდარ | ||
| 245 | _aმირგოროდის ღამეები | ||
| 245 | _bნოველები | ||
| 245 | _cრედ.მ.ზუბადალაშვილი. მხატვ.ჯ.ყაველაშვილი | ||
| 250 | _a1-ლი გამოც. | ||
| 260 | _aთბილისი | ||
| 260 | _bნაკადული | ||
| 260 | _c1986 | ||
| 300 | _a237გვ.21სმ. | ||
| 653 | _aმირგოროდის ღამეები | ||
| 942 | _cBK | ||
| 999 |
_c48860 _d48860 |
||